[Event "Catalunya-chT Gp1"]
[Site "Barcelona"]
[Date "2024.02.03"]
[Round "3.1"]
[White "Pablo Marin, Alejandro"]
[Black "Aroshidze, Levan"]
[Result "0-1"]
[WhiteElo "2339"]
[BlackElo "2538"]
[PlyCount "72"]
[EventDate "2024.01.20"]
[EventType "team-tourn"]
[EventRounds "7"]
[EventCountry "ESP"]
[SourceTitle "CB11_2024"]
[SourceDate "2024.03.13"]
[SourceVersion "1"]
[SourceVersionDate "2024.03.13"]
[SourceQuality "1"]
[WhiteTeam "Terrassa"]
[BlackTeam "Olot"]
[WhiteTeamCountry "ESP"]
[BlackTeamCountry "ESP"]

1. e4 c5 2. Nf3 e6 3. d4 cxd4 4. Nxd4 a6 5. Nc3 Qc7 6. Bd3 Nf6 7. 0-0 d6 8. f4 Be7 9. Kh1 Nbd7 10. Bd2 0-0 11. g4 b5 12. g5 Ne8 13. f5 Ne5 14. a3 Qb7 15. Qe2 g6 16. f6 Bd8 17. Nf3 Nxd3 18. cxd3 e5 19. Qf2 Be6 20. Qh4 h5 21. Ne2 Kh7 22. Be3 Rc8 23. Rac1 Rxc1 24. Rxc1 Bc7 25. Qf2 Bb8 26. Ng3 Qd7 27. Qc2 Bg4 28. Nh4 Bh3 29. Qe2 Nc7 30. Rg1 Bg4 31. Nf3 d5 32. Qf2 Re8 33. Re1 Ne6 34. Nf1 Rc8 35. Rc1 Rxc1 36. Bxc1 dxe4 0-1

[Event "Catalunya-ch"]
[Site "Llinars del Valles"]
[Date "2022.10.28"]
[Round "1"]
[White "Aroshidze, Levan"]
[Black "Gines Esteo, Pedro Antonio"]
[Result "0-1"]
[WhiteElo "2519"]
[BlackElo "2492"]
[PlyCount "92"]
[EventDate "2022.10.28"]
[EventType "tourn"]
[EventRounds "7"]
[EventCountry "ESP"]
[EventCategory "10"]
[SourceTitle "EXT 2024"]
[Source "ChessBase"]
[SourceDate "2023.10.10"]
[SourceVersion "1"]
[SourceVersionDate "2023.10.10"]
[SourceQuality "1"]

1. e4 c6 2. d4 d5 3. exd5 cxd5 4. Bd3 Nf6 5. h3 g6 6. Nf3 Bf5 7. Be2 Bg7 8. 0-0 0-0 9. c3 Nc6 10. Bf4 Nh5 11. Be3 Qd6 12. Re1 Nf6 13. Qc1 Rfc8 14. Bf4 Qd8 15. Na3 a6 16. g4 Be4 17. Qd2 Bxf3 18. Bxf3 b5 19. Nc2 e6 20. a4 Ne8 21. axb5 axb5 22. Be2 Na5 23. Qd3 Nc4 24. b3 Ncd6 25. f3 Bf6 26. Nb4 Bg5 27. Be5 Qc7 28. Rxa8 Rxa8 29. Qc2 Bf6 30. Bf4 Rc8 31. Rc1 g5 32. Bd2 Ne4 33. fxe4 Qg3+ 34. Kf1 Qxh3+ 35. Ke1 Qh1+ 36. Bf1 Qh4+ 37. Kd1 Qxg4+ 38. Be2 Qg1+ 39. Be1 Bxd4 40. Qd3 Be3 41. Ra1 d4 42. Nc2 Rxc3 43. Qxb5 Nf6 44. Ra8+ Kg7 45. Nxe3 Rxe3 46. Qe5 d3 0-1

[Event "Palma de Mallorca op"]
[Site "Palma de Mallorca"]
[Date "2021.11.23"]
[Round "2"]
[White "Aroshidze, Levan"]
[Black "Kolb, Markus"]
[Result "1-0"]
[WhiteElo "2532"]
[BlackElo "1998"]
[PlyCount "69"]
[EventDate "2021.11.22"]
[EventType "swiss"]
[EventRounds "7"]
[EventCountry "ESP"]
[SourceTitle "CBM 205 Extra"]
[Source "ChessBase"]
[SourceDate "2022.01.31"]
[SourceVersion "1"]
[SourceVersionDate "2022.01.31"]
[SourceQuality "1"]

1. e4 e6 2. d4 d5 3. Nc3 Bb4 4. e5 c5 5. a3 Bxc3+ 6. bxc3 Ne7 7. Qg4 Qa5 8. Bd2 0-0 9. Bd3 Nbc6 10. Nf3 f5 11. exf6 Rxf6 12. Qh5 Nf5 13. c4 Qa4 14. g4 dxc4 15. Be4 Ncxd4 16. gxf5 Nxc2+ 17. Bxc2 Qxc2 18. Rg1 exf5 19. Qe8+ Rf8 20. Qe5 Qe4+ 21. Qxe4 fxe4 22. Ne5 Rf5 23. Nxc4 b5 24. Nd6 Rh5 25. Bc3 g6 26. Nxb5 Bd7 27. Nd6 Rxh2 28. 0-0-0 Bc6 29. Nf5 Kf7 30. Rd6 Ba4 31. Rf6+ Ke8 32. Nd6+ Kd7 33. Nxe4 Rh5 34. Ra6 Bb3 35. Nf6+ 1-0

[Event "Sitges Sunway op 6th"]
[Site "Sitges"]
[Date "2019.12.21"]
[Round "9"]
[White "Aroshidze, Levan"]
[Black "Parvanyan, Ashot"]
[Result "1-0"]
[WhiteElo "2514"]
[BlackElo "2456"]
[PlyCount "37"]
[EventDate "2019.12.13"]
[EventType "swiss"]
[EventRounds "10"]
[EventCountry "ESP"]
[SourceTitle "CBM 193 Extra"]
[Source "ChessBase"]
[SourceDate "2020.01.31"]
[SourceVersion "1"]
[SourceVersionDate "2020.01.31"]
[SourceQuality "1"]

1. e4 e6 2. d4 d5 3. Nc3 Bb4 4. e5 Ne7 5. a3 Bxc3+ 6. bxc3 c5 7. Qg4 Qc7 8. Bd3 c4 9. Be2 0-0 10. Nf3 Nbc6 11. Ng5 Qa5 12. Bd2 f6 13. Nxe6 g6 14. Qh3 Nd8 15. Bg4 h5 16. exf6 Nec6 17. Nxf8 Bxg4 18. Qe3 Kxf8 19. Qh6+ 1-0

[Event "Barcelona City op 24th"]
[Site "Barcelona"]
[Date "2019.10.03"]
[Round "7"]
[White "Gharamian, Tigran"]
[Black "Aroshidze, Levan"]
[Result "1-0"]
[WhiteElo "2590"]
[BlackElo "2517"]
[PlyCount "83"]
[EventDate "2019.09.27"]
[EventType "swiss"]
[EventRounds "9"]
[EventCountry "ESP"]
[SourceTitle "EXT 2020"]
[Source "ChessBase"]
[SourceDate "2019.10.17"]
[SourceVersion "1"]
[SourceVersionDate "2019.10.17"]
[SourceQuality "1"]

1. e4 c5 2. Nf3 e6 3. d4 cxd4 4. Nxd4 a6 5. c4 Nf6 6. Nc3 Qc7 7. Be2 Bb4 8. Nc2 Be7 9. f4 d6 10. 0-0 0-0 11. g4 Re8 12. g5 Nfd7 13. Qd3 Nc6 14. b3 b6 15. Bd2 Bb7 16. Qh3 Qd8 17. Qg3 Bf8 18. Rae1 Rc8 19. h4 b5 20. cxb5 axb5 21. Bxb5 Na7 22. Bc4 d5 23. exd5 Nb6 24. Bd3 Nxd5 25. Be4 Nxc3 26. Bxc3 Nb5 27. Rf3 Bxe4 28. Rxe4 Qd1+ 29. Ne1 Red8 30. Be5 Rc1 31. Kh2 Bb4 32. Rxb4 Qd2+ 33. Kh3 Rxe1 34. Rxb5 Rh1+ 35. Kg4 Qc2 36. f5 exf5+ 37. Rxf5 Qe2+ 38. Qf3 Rg1+ 39. Bg3 Rd4+ 40. Kh3 Rh1+ 41. Qxh1 Qg4+ 42. Kh2 1-0

[Event "Barcelona City op 24th"]
[Site "Barcelona"]
[Date "2019.10.02"]
[Round "6"]
[White "Aroshidze, Levan"]
[Black "Song, Raymond"]
[Result "1-0"]
[WhiteElo "2517"]
[BlackElo "2456"]
[PlyCount "101"]
[EventDate "2019.09.27"]
[EventType "swiss"]
[EventRounds "9"]
[EventCountry "ESP"]
[SourceTitle "EXT 2020"]
[Source "ChessBase"]
[SourceDate "2019.10.17"]
[SourceVersion "1"]
[SourceVersionDate "2019.10.17"]
[SourceQuality "1"]

1. e4 c6 2. d4 d5 3. e5 Bf5 4. Nf3 e6 5. Be2 Ne7 6. 0-0 Ng6 7. Be3 Nd7 8. Ne1 h5 9. Bd3 Nh4 10. Nd2 c5 11. c3 Qb6 12. Ndf3 Bxd3 13. Nxd3 Nf5 14. Qe2 Qa6 15. Qd2 Rc8 16. Bg5 Be7 17. Bxe7 Nxe7 18. b3 Nf5 19. Nf4 Qa5 20. b4 cxb4 21. cxb4 Qd8 22. Rac1 Rxc1 23. Rxc1 Nb6 24. Qd3 g5 25. Qb5+ Kf8 26. Ne2 g4 27. Nd2 Kg7 28. Qd3 h4 29. h3 Qg5 30. hxg4 Qxg4 31. Kh2 Rh6 32. Rc7 Rg6 33. Qf3 Qg5 34. Nf4 Rh6 35. Rxb7 Nc8 36. Nb3 Nce7 37. b5 h3 38. Nxh3 Ng6 39. Nc5 Kg8 40. Nd7 Qd2 41. Nf6+ Kg7 42. Rb8 Rh4 43. Rg8+ Kh6 44. Ng4+ Kh7 45. Nf6+ Kh6 46. g4 Nfe7 47. Re8 Kg7 48. Nh5+ Kh6 49. Rh8+ Nxh8 50. Qf6+ Neg6 51. Qg7# 1-0

[Event "Pomar Memorial op"]
[Site "Palma de Mallorca"]
[Date "2018.11.30"]
[Round "5"]
[White "Aroshidze, Levan"]
[Black "Zubov, Alexander"]
[Result "1/2-1/2"]
[WhiteElo "2514"]
[BlackElo "2597"]
[PlyCount "26"]
[EventDate "2018.11.26"]
[EventType "swiss"]
[EventRounds "7"]
[EventCountry "ESP"]
[SourceTitle "EXT 2020"]
[Source "ChessBase"]
[SourceDate "2019.10.17"]
[SourceVersion "1"]
[SourceVersionDate "2019.10.17"]
[SourceQuality "1"]

1. e4 c5 2. Nf3 d6 3. d4 cxd4 4. Nxd4 Nf6 5. Nc3 a6 6. f3 Qb6 7. g4 e6 8. a3 h6 9. Be3 Nc6 10. Qd2 Qc7 11. 0-0-0 Nxd4 12. Bxd4 e5 13. Be3 Be6 1/2-1/2

[Event "Sabadell op 11th"]
[Site "Sabadell"]
[Date "2018.09.10"]
[Round "9"]
[White "Valdes Romero, Leonardo"]
[Black "Aroshidze, Levan"]
[Result "0-1"]
[WhiteElo "2398"]
[BlackElo "2513"]
[PlyCount "90"]
[EventDate "2018.09.01"]
[EventType "swiss"]
[EventRounds "9"]
[EventCountry "ESP"]
[SourceTitle "EXT 2019"]
[Source "ChessBase"]
[SourceDate "2018.10.10"]
[SourceVersion "1"]
[SourceVersionDate "2018.10.10"]
[SourceQuality "1"]

1. Nf3 c5 2. c4 g6 3. Nc3 Bg7 4. g3 Nc6 5. Bg2 d6 6. a3 e6 7. b4 Nge7 8. Rb1 0-0 9. 0-0 b6 10. e3 Bb7 11. d4 Rb8 12. Qd3 cxd4 13. exd4 d5 14. c5 bxc5 15. bxc5 Qa5 16. Rb5 Ba6 17. a4 Bxb5 18. axb5 Nb4 19. Qe2 Nf5 20. Bb2 Na2 21. Nxa2 Qxa2 22. Ra1 Qc4 23. Bf1 Rxb5 24. Qd1 Qb3 25. Bxb5 Qxb2 26. Rb1 Qc3 27. Rb3 Qa5 28. g4 Ne7 29. Bd7 Qc7 30. Ba4 h6 31. Qd2 Kh7 32. h3 Rc8 33. Qb4 Bf6 34. Qb5 Kg7 35. Qa6 Qf4 36. Qxa7 h5 37. g5 Bxg5 38. Qa6 Bf6 39. Kg2 g5 40. c6 g4 41. hxg4 hxg4 42. Nh2 Qe4+ 43. Kg1 Bxd4 44. Rg3 Qe1+ 45. Qf1 Bxf2+ 0-1

[Event "Sabadell op 11th"]
[Site "Sabadell"]
[Date "2018.09.04"]
[Round "4"]
[White "Arias, Daniel1111"]
[Black "Aroshidze, Levan"]
[Result "1/2-1/2"]
[WhiteElo "2274"]
[BlackElo "2513"]
[PlyCount "80"]
[EventDate "2018.09.01"]
[EventType "swiss"]
[EventRounds "9"]
[EventCountry "ESP"]
[SourceTitle "EXT 2019"]
[Source "ChessBase"]
[SourceDate "2018.10.10"]
[SourceVersion "1"]
[SourceVersionDate "2018.10.10"]
[SourceQuality "1"]

1. e4 c5 2. Nf3 e6 3. d4 cxd4 4. Nxd4 a6 5. c4 Nf6 6. Nc3 Qc7 7. Be3 b6 8. Be2 Bb7 9. f3 Be7 10. Qd2 0-0 11. 0-0 d6 12. Rfd1 Nbd7 13. a4 Rad8 14. a5 bxa5 15. Nb3 d5 16. cxd5 exd5 17. Nxd5 Nxd5 18. exd5 Bb4 19. Qc1 Qe5 20. Nxa5 Bxd5 21. Bxa6 Qe6 22. Rxd5 Qxd5 23. Nc6 Bd6 24. Nxd8 Rxd8 25. Qd2 Qe5 26. f4 Qe7 27. Qf2 Nf6 28. Qf3 Nd5 29. Bd2 Bc5+ 30. Kh1 Nc7 31. Bc3 Nxa6 32. Rxa6 Qb7 33. Ra1 Qxf3 34. gxf3 f6 35. Kg2 Be3 36. Kg3 Kf7 37. Kg4 h5+ 38. Kg3 Kg6 39. Re1 Rd3 40. Ra1 Rd5 1/2-1/2

[Event "Sabadell op 11th"]
[Site "Sabadell"]
[Date "2018.09.03"]
[Round "3"]
[White "Aroshidze, Levan"]
[Black "Lorenzo de la Riva, Lazaro"]
[Result "1/2-1/2"]
[WhiteElo "2513"]
[BlackElo "2399"]
[PlyCount "90"]
[EventDate "2018.09.01"]
[EventType "swiss"]
[EventRounds "9"]
[EventCountry "ESP"]
[SourceTitle "EXT 2019"]
[Source "ChessBase"]
[SourceDate "2018.10.10"]
[SourceVersion "1"]
[SourceVersionDate "2018.10.10"]
[SourceQuality "1"]

1. e4 e5 2. Nf3 Nc6 3. Bb5 a6 4. Ba4 Nf6 5. 0-0 Be7 6. Re1 b5 7. Bb3 d6 8. c3 0-0 9. h3 Nb8 10. d4 Nbd7 11. c4 c6 12. Qc2 a5 13. a4 bxc4 14. Bxc4 d5 15. Bf1 c5 16. Nxe5 Nxe5 17. dxe5 Nxe4 18. Nc3 Nxc3 19. bxc3 Rb8 20. Bd3 h6 21. Be3 d4 22. cxd4 cxd4 23. Bf4 Be6 24. Qe2 Bg5 25. Bxg5 Qxg5 26. Qe4 g6 27. h4 Qe7 28. Qf4 Kg7 29. Bb5 Rfd8 30. Rad1 d3 31. Re3 Bf5 32. Rg3 Kh7 33. h5 d2 34. Rxd2 Rxd2 35. hxg6+ Bxg6 36. Qxd2 Qxe5 37. Re3 Qc7 38. Rc3 Qe7 39. Rh3 h5 40. Qxa5 Rd8 41. Bf1 Rd4 42. Re3 Qd6 43. Re1 Rh4 44. g3 Rd4 45. Qa6 Qxa6 1/2-1/2

[Event "ESP-ch 83rd"]
[Site "Linares"]
[Date "2018.08.27"]
[Round "8"]
[White "Aroshidze, Levan"]
[Black "Santos Latasa, Jaime"]
[Result "1-0"]
[WhiteElo "2504"]
[BlackElo "2582"]
[PlyCount "63"]
[EventDate "2018.08.20"]
[EventType "swiss"]
[EventRounds "9"]
[EventCountry "ESP"]
[SourceTitle "CBM 186 Extra"]
[Source "ChessBase"]
[SourceDate "2018.08.24"]
[SourceVersion "1"]
[SourceVersionDate "2018.08.24"]
[SourceQuality "1"]

1. e4 e5 2. Nf3 Nc6 3. Bb5 a6 4. Ba4 d6 5. c3 Bd7 6. 0-0 g6 7. d4 Bg7 8. h3 Nf6 9. Re1 0-0 10. Nbd2 Re8 11. Bc2 h6 12. Nf1 b5 13. Ng3 Bc8 14. Be3 Bb7 15. Qd2 Kh7 16. b3 Qe7 17. d5 Nb8 18. c4 c6 19. Rad1 Bf8 20. Nh2 Nbd7 21. Ng4 Ng8 22. f4 h5 23. Nh2 exf4 24. Bxf4 Ne5 25. Nf3 bxc4 26. bxc4 cxd5 27. Bxe5 dxe5 28. exd5 Qc5+ 29. Kh1 Bh6 30. Qd3 Rad8 31. Nxe5 Re7 32. Nxf7 1-0

[Event "ESP-ch 83rd"]
[Site "Linares"]
[Date "2018.08.26"]
[Round "7"]
[White "Santos Ruiz, Miguel"]
[Black "Aroshidze, Levan"]
[Result "1/2-1/2"]
[WhiteElo "2517"]
[BlackElo "2504"]
[PlyCount "102"]
[EventDate "2018.08.20"]
[EventType "swiss"]
[EventRounds "9"]
[EventCountry "ESP"]
[SourceTitle "CBM 186 Extra"]
[Source "ChessBase"]
[SourceDate "2018.08.24"]
[SourceVersion "1"]
[SourceVersionDate "2018.08.24"]
[SourceQuality "1"]

1. e4 c5 2. Nf3 e6 3. d4 cxd4 4. Nxd4 a6 5. c4 Nf6 6. Nc3 Qc7 7. Be2 Bb4 8. Nc2 Be7 9. Be3 d6 10. g4 h6 11. h4 Nc6 12. Rg1 Nd7 13. g5 hxg5 14. hxg5 g6 15. Qd2 b6 16. 0-0-0 Bb7 17. Rh1 0-0-0 18. Kb1 Kb8 19. Nd4 Nce5 20. b3 Nc5 21. f3 Qc8 22. Kb2 Rxh1 23. Rxh1 Rh8 24. Rxh8 Qxh8 25. b4 Ncd7 26. f4 Nc6 27. Nc2 Kc7 28. a3 Bf8 29. f5 gxf5 30. exf5 exf5 31. Kb3 Qh3 32. Nd5+ Kc8 33. Ka2 Nce5 34. Nxb6+ Nxb6 35. Bxb6 Qg2 36. Be3 Bf3 37. Bxf3 Qxd2 38. Bxd2 Nxf3 39. Bf4 Be7 40. Ne3 Bxg5 41. Bxg5 Nxg5 42. Nxf5 Kc7 43. Kb3 Nf3 44. b5 d5 45. cxd5 axb5 46. Kb4 Kb6 47. Nd6 Ne5 48. Nxb5 Nd3+ 49. Kc3 Nf4 50. Kc4 Nxd5 51. Kxd5 Kxb5 1/2-1/2

[Event "ESP-ch 83rd"]
[Site "Linares"]
[Date "2018.08.25"]
[Round "6"]
[White "Cuenca Jimenez, Jose Fernando"]
[Black "Aroshidze, Levan"]
[Result "1/2-1/2"]
[WhiteElo "2506"]
[BlackElo "2504"]
[PlyCount "76"]
[EventDate "2018.08.20"]
[EventType "swiss"]
[EventRounds "9"]
[EventCountry "ESP"]
[SourceTitle "CBM 186 Extra"]
[Source "ChessBase"]
[SourceDate "2018.08.24"]
[SourceVersion "1"]
[SourceVersionDate "2018.08.24"]
[SourceQuality "1"]

1. d4 Nf6 2. c4 e6 3. Nc3 Bb4 4. Qc2 0-0 5. Nf3 c5 6. dxc5 Na6 7. g3 Nxc5 8. Bg2 Nce4 9. 0-0 Nxc3 10. bxc3 Be7 11. e4 d6 12. e5 dxe5 13. Nxe5 Qc7 14. Qe2 Nd7 15. Bf4 Nxe5 16. Bxe5 Bd6 17. Rfe1 Rb8 18. Rad1 Bxe5 19. Qxe5 Qxe5 20. Rxe5 b6 21. c5 f6 22. cxb6 axb6 23. Re2 Kf7 24. Rb2 e5 25. Bd5+ Ke7 26. f4 Bg4 27. Re1 Be6 28. Bxe6 Kxe6 29. fxe5 f5 30. Rb5 Rfc8 31. a4 Rxc3 32. a5 Rc5 33. Reb1 Ra8 34. axb6 Rc2 35. R5b2 Ra1 36. Rxa1 Rxb2 37. Ra7 g6 38. Rxh7 Kxe5 1/2-1/2

[Event "ESP-ch 83rd"]
[Site "Linares"]
[Date "2018.08.24"]
[Round "5"]
[White "Aroshidze, Levan"]
[Black "Moreno Ruiz, Javier"]
[Result "1-0"]
[WhiteElo "2504"]
[BlackElo "2450"]
[PlyCount "89"]
[EventDate "2018.08.20"]
[EventType "swiss"]
[EventRounds "9"]
[EventCountry "ESP"]
[SourceTitle "CBM 186 Extra"]
[Source "ChessBase"]
[SourceDate "2018.08.24"]
[SourceVersion "1"]
[SourceVersionDate "2018.08.24"]
[SourceQuality "1"]

1. e4 c5 2. Nf3 e6 3. d4 cxd4 4. Nxd4 Nf6 5. Nc3 Nc6 6. Nxc6 bxc6 7. e5 Nd5 8. Ne4 Qc7 9. f4 Qa5+ 10. c3 Be7 11. Bd3 Qb6 12. Qe2 a5 13. c4 Qb4+ 14. Kf1 f5 15. Nf2 Nc7 16. h4 c5 17. Rh3 Qb6 18. Bd2 Bb7 19. Bc3 a4 20. Kg1 Qc6 21. Nd1 g6 22. Qf2 a3 23. b3 h6 24. Be2 Rg8 25. Bd2 Na6 26. Nc3 Nc7 27. Rd1 0-0-0 28. Bf3 Qa6 29. Bxb7+ Kxb7 30. Rd3 Qc6 31. Be3 g5 32. Rd6 Bxd6 33. Rxd6 gxf4 34. Rxc6 dxc6 35. Bxf4 Rg4 36. g3 Na6 37. Na4 Rd1+ 38. Kh2 Ra1 39. Qd2 Rg7 40. Bxh6 Rh7 41. Be3 f4 42. Bxf4 Kc8 43. Kh3 Nb4 44. Nxc5 Nxa2 45. Bg5 1-0

[Event "ESP-ch 83rd"]
[Site "Linares"]
[Date "2018.08.23"]
[Round "4"]
[White "Perez Candelario, Manuel"]
[Black "Aroshidze, Levan"]
[Result "1/2-1/2"]
[WhiteElo "2611"]
[BlackElo "2504"]
[PlyCount "122"]
[EventDate "2018.08.20"]
[EventType "swiss"]
[EventRounds "9"]
[EventCountry "ESP"]
[SourceTitle "CBM 186 Extra"]
[Source "ChessBase"]
[SourceDate "2018.08.24"]
[SourceVersion "1"]
[SourceVersionDate "2018.08.24"]
[SourceQuality "1"]

1. e4 c5 2. Nf3 e6 3. d4 cxd4 4. Nxd4 a6 5. Bd3 Nf6 6. 0-0 d6 7. c4 Be7 8. Nc3 0-0 9. Qe2 Nbd7 10. b3 Qc7 11. Bb2 b6 12. f4 Bb7 13. Kh1 Rfe8 14. Rae1 Rad8 15. Bb1 g6 16. Qf2 Bf8 17. Nf3 Bg7 18. Ng5 Re7 19. Qh4 h6 20. Nf3 Rde8 21. e5 dxe5 22. fxe5 Nh7 23. Ne4 Bxe4 24. Qxe4 Nc5 25. Qe3 Rd8 26. h4 Red7 27. Bd4 Nf8 28. Rd1 a5 29. Bc2 Rc8 30. a3 Qb8 31. Rd2 Rdc7 32. Rb1 Ncd7 33. Bd3 Nc5 34. Bc2 Ncd7 35. Bd3 Nc5 36. Bf1 Qb7 37. Kh2 Nfd7 38. b4 axb4 39. axb4 Ne4 40. Re2 f5 41. exf6 Ndxf6 42. Bxf6 Nxf6 43. Qxe6+ Kh7 44. Ree1 Re8 45. Qh3 Rce7 46. Rxe7 Qxe7 47. Re1 Qxb4 48. Rxe8 Nxe8 49. h5 Qd6+ 50. g3 gxh5 51. Qxh5 Nf6 52. Qf5+ Kg8 53. Bh3 Qc5 54. Qe6+ Kh8 55. Kg2 Qb4 56. Qc8+ Qf8 57. Qe6 Qe8 58. Ne5 Qxe6 59. Bxe6 Bf8 60. Kf3 Kg7 61. g4 Bd6 1/2-1/2

[Event "ESP-ch 83rd"]
[Site "Linares"]
[Date "2018.08.21"]
[Round "2"]
[White "Esquivias Quintero, Luis Manuel"]
[Black "Aroshidze, Levan"]
[Result "0-1"]
[WhiteElo "2260"]
[BlackElo "2504"]
[PlyCount "78"]
[EventDate "2018.08.20"]
[EventType "swiss"]
[EventRounds "9"]
[EventCountry "ESP"]
[SourceTitle "CBM 186 Extra"]
[Source "ChessBase"]
[SourceDate "2018.08.24"]
[SourceVersion "1"]
[SourceVersionDate "2018.08.24"]
[SourceQuality "1"]

1. e4 c5 2. Nf3 e6 3. Nc3 a6 4. d4 cxd4 5. Nxd4 Qc7 6. Bd3 Nf6 7. f4 d6 8. Qf3 b5 9. g4 Nfd7 10. Bd2 g6 11. a3 Bg7 12. Qf2 Nc5 13. b4 Nxd3+ 14. cxd3 Bb7 15. Rc1 Qd8 16. 0-0 Nd7 17. Nce2 Rc8 18. Rxc8 Qxc8 19. f5 exf5 20. gxf5 0-0 21. Qh4 Re8 22. Bh6 Bh8 23. Nf3 Qc2 24. Nf4 Ne5 25. Ng5 Bf6 26. fxg6 fxg6 27. Nfe6 Rxe6 28. Qh3 Re8 29. Rxf6 Qd1+ 30. Kg2 Ng4 31. Rf1 Qe2+ 32. Kg1 Bc8 33. Bg7 Qxh2+ 34. Qxh2 Nxh2 35. Kxh2 Kxg7 36. Rf7+ Kh6 37. Nxh7 Be6 38. Rf8 Rxf8 39. Nxf8 Bc8 0-1